00368pab a2200133 454500008004000000100002000040245006700060260000900127300001300136362001100149650002400160650001600184773003400200180718b2015 xxu||||| |||| 00| 0 eng d aRoy, Tirthankar aThe economic legacies and colonial rule in India: Another look c2015 ap.51-59. a11 Apr aColonialism - India aColonialism aEconomic and Political Weekly